• 首页
  • 本馆介绍
  • 公告通知
  • 最新文献
  • 馆藏检索
  • 电子资源
  • 读者导购
  • 参考咨询
  • 我的图书馆
  • 登录
  • 详细信息显示
  • 放入我的书架
  • 预约/预借图书
  • 作者相关作品
  • 分类相关作品
  • 丛书相关作品
  • 出版社相关作品

书目信息

  • 表格格式
  • 工作单格式
  • 卡片格式
题名:
51单片机C语言程序设计经典实例
    
 
作者: 侯玉宝 , 陈忠平 , 邬书跃 编著
分册:  
出版信息: 北京   电子工业出版社  2016.5
页数: 424页
开本: 26cm
丛书名:
单 册:
中图分类: TP312C , TP368.1
科图分类:
主题词: 单片微型计算机--C语言--程序设计
电子资源:
ISBN: 978-7-121-28777-0
000 01302nam0 2200289 450
001 0400002302
005 20171026083323.54
010    @a978-7-121-28777-0@dCNY69.00
100    @a20160601d2016 em y0chiy0110 ea
101 0  @achi
102    @aCN@b110000
105    @ay z 000yy
106    @ar
200 1  @a51单片机C语言程序设计经典实例@951 dan pian ji C yu yan cheng xu she ji jing dian shi li@f侯玉宝,陈忠平,邬书跃编著
205    @a第2版
210    @a北京@c电子工业出版社@d2016.5
215    @a424页@d26cm
300    @a卓越工程师培养计划 单片机
330    @a本书以STC89C52RC单片机为蓝本,结合Keil C51、Proteus虚拟仿真软件,从实验、实践、实用的角度出发,通过实例介绍了51系列单片机C语言程序设计和单片机控制系统的应用技术。主要内容包括单片机系统的软/硬件开发环境、C51程序设计语言基础、LED灯光设计、按键控制与数码管显示、中断控制应用设计、定时器/计数器控制应用设计、单片机串行通信设计、LED点阵显示器设计、LCD液晶显示设计、A/D与D/A转换、串行总线扩展及应用设计、综合应用设计实例共12个项目67个任务。
606 0  @a单片微型计算机@xC语言@x程序设计
690    @aTP312C@v5
690    @aTP368.1@v5
701  0 @a侯玉宝@9hou yu bao@4编著
701  0 @a陈忠平@9chen zhong ping@4编著
701  0 @a邬书跃@9wu shu yue@4编著
801  0 @aCN@b91MARC@c20171020
905    @b1031975-9@dTP312C@f5@e1169=2
    
    51单片机C语言程序设计经典实例/侯玉宝,陈忠平,邬书跃编著.-第2版.-北京:电子工业出版社,2016.5
    424页;26cm
    卓越工程师培养计划 单片机
    
    ISBN 978-7-121-28777-0:CNY69.00
    本书以STC89C52RC单片机为蓝本,结合Keil C51、Proteus虚拟仿真软件,从实验、实践、实用的角度出发,通过实例介绍了51系列单片机C语言程序设计和单片机控制系统的应用技术。主要内容包括单片机系统的软/硬件开发环境、C51程序设计语言基础、LED灯光设计、按键控制与数码管显示、中断控制应用设计、定时器/计数器控制应用设计、单片机串行通信设计、LED点阵显示器设计、LCD液晶显示设计、A/D与D/A转换、串行总线扩展及应用设计、综合应用设计实例共12个项目67个任务。
●
相关链接 在E读中查询图书 在五车中查询图书 在当当中查询图书 在豆瓣中查询图书


正题名:51单片机C语言程序设计经典实例     索取号:TP312C/1169=2         预约/预借

序号 登录号 条形码 馆藏地/架位号 状态 备注
1 1031975   210319751   第二样本阅览室/ [索取号:TP312C/1169=2] 在馆    
2 1031976   210319760   密集书库—计算机科学学院/ [索取号:TP312C/1169=2] 在馆    
3 1031977   210319779   第三借阅区/ [索取号:TP312C/1169=2] 在馆    
4 1031978   210319788   第三借阅区/ [索取号:TP312C/1169=2] 在馆    
5 1031979   210319797   第三借阅区/ [索取号:TP312C/1169=2] 在馆    
唐山师范学院图书馆 欢迎您!
大连网信软件有限公司© 版权所有